000
00326nam a2200121 a 4500
005
20140414131856.0
008
100827s19uu xx 00 eng d
050
_a
FIL
_b
T13 2008
100
_a
Canon, Kristine
245
_a
Ang tahimik na mundo ni bunso.
260
_a
Manila, Philippines :
_b
LG&M Cor,
_c
2008.
999
_c
110484
_d
110484